| 000 | 00636cam a22002053a 4500 | ||
|---|---|---|---|
| 001 | 39158 | ||
| 003 | PGUSA | ||
| 005 | 20140828083853.0 | ||
| 008 | 120315s2012||||xxu|||||s|||||000 | eng d | ||
| 040 |
_aPGUSA _beng |
||
| 042 | _adc | ||
| 100 | 1 | _aHamilton, Ernest W. | |
| 245 | 1 | 4 |
_aThe First Seven Divisions : _bBeing a Detailed Account of the Fighting from Mons to Ypres _h[electronic resource] / _cErnest W. Hamilton |
| 260 |
_bProject Gutenberg, _c2012 |
||
| 506 | _aPublic domain in the USA. | ||
| 516 | _aElectronic text | ||
| 830 | 0 |
_aProject Gutenberg _v39158 |
|
| 856 | 4 | 0 | _uhttp://www.gutenberg.org/ebooks/39158 |
| 942 | _cEB | ||
| 999 |
_c268411 _d268411 |
||